Geometry Dash - Extreme Demons Starting with # (Pre-2.2) - Statistics

General Stats
  • This quiz has been taken 152 times
    15 since last reset
  • The average score is 5 of 10
Answer Stats
Publisher Answer % Correct
ewop 1330X
86%
SrGuillester 2 1 1
71%
f3lixsram 8o X
71%
royen 4Elements
57%
Jeyzor 4 Matilda
57%
LordeQuacc 4ucked Up
57%
AranyaDeCueva 2 0
43%
Sardina 9blue
43%
kreno 100HEX
29%
shebam 15 Step
29%
No matching quizzes found
Score Distribution
Percent of People with Each Score
Percentile by Number Answered
Your Score History
You have not taken this quiz since the last reset